National advisory committee on the employment of older men and women : second report (Record no. 428677)

000 -LEADER
fixed length control field 00413cam a22001097a 4500
008 - FIXED-LENGTH DATA ELEMENTS--GENERAL INFORMATION
fixed length control field 180718b1955 xxu||||| |||| 00| 0 eng d
082 ## - DEWEY DECIMAL CLASSIFICATION NUMBER
Classification number K312x4 2nd
100 ## - MAIN ENTRY--PERSONAL NAME
Personal name National Advisory Committee
245 ## - TITLE STATEMENT
Title National advisory committee on the employment of older men and women : second report
Statement of responsibility, etc. by National Advisory Committee, United Kingdom
260 ## - PUBLICATION, DISTRIBUTION, ETC.
Place of publication, distribution, etc. London
Name of publisher, distributor, etc. Her Majesty's Stationery Office
Date of publication, distribution, etc. 1955
300 ## - PHYSICAL DESCRIPTION
Extent 28+p.
Holdings
Withdrawn status Lost status Damaged status Not for loan Permanent Location Current Location Date acquired Full call number Barcode Date last seen Price effective from Koha item type
        Indian Institute of Public Administration Indian Institute of Public Administration 2009-12-15 K312x4 2nd 2246 2018-07-21 2018-07-21 Book

Powered by Koha